El Día médico (Record no. 983)

MARC details
000 -LEADER
campo de control de longitud fija 00658nas a2200217 i 4500
001 - NÚMERO DE CONTROL
campo de control 983
003 - IDENTIFICADOR DE NÚMERO DE CONTROL
campo de control ES-MaACL
005 - FECHA Y HORA DE LA ÚLTIMA TRANSACCIÓN
campo de control 20250807062532.0
008 - DATOS DE LONGITUD FIJA--INFORMACIÓN GENERAL
campo de control de longitud fija 950801d19281983ag | | 1 ||pa d
080 ## - NÚMERO DE LA CLASIFICACIÓN DECIMAL UNIVERSAL
Número de la Clasificación Decimal Universal 82
245 03 - MENCIÓN DEL TÍTULO
Título El Día médico
Resto del título : periódico científico e informativo ilustrado /
Mención de responsabilidad, etc. dir. Rodolfo González Bosch.
260 ## - PUBLICACIÓN, DISTRIBUCIÓN, ETC.
Lugar de publicación, distribución, etc. Buenos Aires (Córdoba 2093-Plaza U.T. 2625 :
Nombre del editor, distribuidor, etc. [s.n.],
Fecha de publicación, distribución, etc. 1928-1983.
300 ## - DESCRIPCIÓN FÍSICA
Extensión 6 v. ;
Dimensiones 40 cm.
310 ## - PERIODICIDAD ACTUAL
Periodicidad actual Semanal
362 0# - FECHAS DE PUBLICACIÓN Y/O DESIGNACIÓN SECUENCIAL
Fecha de publicación y/o designación secuencial 1928-1983.
650 17 - PUNTO DE ACCESO ADICIONAL DE MATERIA--TÉRMINO DE MATERIA
Término de materia o nombre geográfico como elemento de entrada Medicina
Fuente del encabezamiento o término embne
9 (RLIN) 14891
700 1# - ENTRADA AGREGADA--NOMBRE PERSONAL
Nombre de persona González Bosch, Rodolfo,
Término indicativo de función/relación
9 (RLIN) 227576
852 ## - LOCALIZACIÓN
Ubicación ES-MaACL
Número de control de estantería Hem-729
866 #0 - MENCIÓN TEXTUAL DE FONDOS--UNIDAD BIBLIOGRÁFICA BÁSICA
Fondos 1945,1947.
Holdings
Estatus retirado Estado de pérdida Estado de daño No para préstamo Colección Biblioteca de origen Biblioteca actual Ubicación en estantería Fecha de adquisición Fuente de adquisición Total de préstamos Signatura topográfica completa Código de barras Visto por última vez Precio de reemplazo Tipo de ítem Koha
        Periódicos y Revistas Biblioteca del Ateneo de Madrid Biblioteca del Ateneo de Madrid Depósito 1 17/01/2008     Hem-729 1001002 23/02/2023 23/02/2023 Revista